| 000 | 00358nam a2200145Ia 4500 | ||
|---|---|---|---|
| 005 | 20250406061024.0 | ||
| 008 | 240331s9999 xx 000 0 und d | ||
| 082 |
_bSIV _a894 |
||
| 100 | _aSivakumaran, K.S | ||
| 245 | 0 | _aKalai iIlakiyat thiranaaivu | |
| 260 |
_aKandy _bThamil Manram _c1989 |
||
| 300 | _a 83 p ., | ||
| 650 | _aLiterary Criticism | ||
| 942 | _cL | ||
| 999 |
_c3780 _d3780 |
||